Challenge Typing #11: Increasing numbers challenge - Statistics

General Stats
  • This quiz has been taken 18 times
  • The average score is 17 of 20
Answer Stats
Hint Answer % Correct
4 4
100%
43 43
100%
103856285 103856285
88%
1758 1758
88%
4528487 4528487
88%
49853 49853
88%
5628496072 5628496072
88%
587305 587305
88%
678 678
88%
68463527 68463527
88%
1029384756473 102938475647
81%
10865842637584910 10865842637584910
81%
12345678901234 1234567890123
81%
154637286954736584 154637286954736584
81%
2847561657284957 2847561657284957
81%
452618495063 452618495063
81%
563850979164752 563850979164752
81%
56472859607 56472859607
81%
10000000000000065432 10000000000000065432
75%
3141526535898957483 3141526535898957483
75%
No matching quizzes found
Score Distribution
Percent of People with Each Score
Percentile by Number Answered
Your Score History
You have not taken this quiz